000 00674nam a2200205 a 4500
001 0718
005 20140414132143.0
008 040927s19uu xx 00 eng d
020 _a0-978-0-439-04598-3
050 _aKIT (LCER) 513.2'11
_bC16 1999
100 _aCanizares, Susan
245 _aNumbers all around /
_cSusan Canizares, Betsey Chessen.
260 _aNew York :
_bScholastic,
_c1999.
300 _a1 v. (unp.) : ill. ; cm.
440 _aLearning center emergent readers
520 _aSimple text and photographs depicit the numbers one to twelve in interesting places.
650 _aCounting
_xJuvenile literature.
999 _c115379
_d115379